| 000 -LEADER |
| fixed length control field |
00655nam a22002297a 4500 |
| 003 - CONTROL NUMBER IDENTIFIER |
| control field |
OSt |
| 005 - DATE AND TIME OF LATEST TRANSACTION |
| control field |
20210423062535.0 |
| 008 - FIXED-LENGTH DATA ELEMENTS--GENERAL INFORMATION |
| fixed length control field |
210219s1998 ||||| |||| 00| 0 eng d |
| 020 ## - INTERNATIONAL STANDARD BOOK NUMBER |
| International Standard Book Number |
0321017625 |
| 040 ## - CATALOGING SOURCE |
| Original cataloging agency |
eng |
| Language of cataloging |
eng |
| Transcribing agency |
DLC |
| 041 ## - LANGUAGE CODE |
| Language code of text/sound track or separate title |
eng |
| 080 ## - UNIVERSAL DECIMAL CLASSIFICATION NUMBER |
| Universal Decimal Classification number |
33 |
| Item number |
F-78 |
| 100 ## - MAIN ENTRY--PERSONAL NAME |
| 9 (RLIN) |
995 |
| Personal name |
Foshee, W. Andrew |
| 245 ## - TITLE STATEMENT |
| Title |
Study Guide to Accompany Gordon Macroeconomics |
| Statement of responsibility, etc. |
/ by: Addison Wesley Longman, Inc |
| 250 ## - EDITION STATEMENT |
| Edition statement |
7th edition |
| 260 ## - PUBLICATION, DISTRIBUTION, ETC. |
| Place of publication, distribution, etc. |
Reading, Mass. |
| Name of publisher, distributor, etc. |
Addison Wesley Longman, Inc |
| Date of publication, distribution, etc. |
1998 |
| 300 ## - PHYSICAL DESCRIPTION |
| Extent |
369 p. |
| Other physical details |
ill. |
| 650 #0 - SUBJECT ADDED ENTRY--TOPICAL TERM |
| 9 (RLIN) |
446 |
| Topical term or geographic name entry element |
Economics |
| 653 ## - INDEX TERM--UNCONTROLLED |
| Uncontrolled term |
ეკონომიკა |
| 700 ## - ADDED ENTRY--PERSONAL NAME |
| 9 (RLIN) |
996 |
| Personal name |
DeSalvo, S. Joseph |
| 942 ## - ADDED ENTRY ELEMENTS (KOHA) |
| Source of classification or shelving scheme |
|
| Koha item type |
Books |
| Edition |
7 |